Normal view
MARC view
Entry Topical Term
001 - CONTROL NUMBER
- control field: 16266
003 - CONTROL NUMBER IDENTIFIER
- control field: ARRUPE
005 - DATE AND TIME OF LATEST TRANSACTION
- control field: 20150312105144.0
008 - FIXED-LENGTH DATA ELEMENTS
- fixed length control field: 150312|| aca||aabn | a|a d
040 ## - CATALOGING SOURCE
- Original cataloging agency: ARRUPE
- Transcribing agency: ARRUPE
150 ## - HEADING--TOPICAL TERM
- Topical term or geographic name as entry element: Alzheimer's disease
- General subdivision: Popular works
670 ## - SOURCE DATA FOUND
- Source citation: Work cat.: (ARRUPE): Petersen, R. 16265, Mayo clinic guide to alzheimer's disease, 2006